• 首页
  • 本馆介绍
  • 公告通知
  • 最新文献
  • 馆藏检索
  • 电子资源
  • 读者导购
  • 参考咨询
  • 我的图书馆
  • 登录
  • 详细信息显示
  • 放入我的书架
  • 预约/预借图书
  • 作者相关作品
  • 分类相关作品
  • 丛书相关作品
  • 出版社相关作品

书目信息

  • 表格格式
  • 工作单格式
  • 卡片格式
题名:
毛泽东思想和中国特色社会主义理论体系概论学习指导
    
 
作者: 杜惠敏 , 依里合木·牙生 主编
分册:  
出版信息: 北京   中国农业大学出版社  2015.05
页数: 191页
开本: 23cm
丛书名:
单 册:
中图分类: A84 , D616
科图分类:
主题词: 毛泽东思想--高等学校--教学参考资料 , 中国特色社会主义--高等学校--教学参考资料
电子资源:
ISBN: 978-7-5655-1227-8
000 01117nam0 2200277 450
001 0120141391231
005 20160614143910.00
010    @a978-7-5655-1227-8@dCNY24.00
100    @a20150722d2015 em y0chiy50 ea
101 0  @achi
102    @aCN@b110000
105    @ay z 000yy
106    @ar
200 1  @a毛泽东思想和中国特色社会主义理论体系概论学习指导@9mao ze dong si xiang he zhong guo te se she hui zhu yi li lun ti xi gai lun xue xi zhi dao@f杜惠敏,依里合木·牙生主编
210    @a北京@c中国农业大学出版社@d2015.05
215    @a191页@d23cm
330    @a本书主要内容包括:马克思主义中国化两大理论成果、新民主主义革命理论、社会主义改造理论、社会主义建设道路初步探索的理论成果、建设中国特色社会主义总依据、社会主义本质和建设中国特色社会主义总任务等。
333    @a社会主义建设人员
606 0  @a毛泽东思想@x高等学校@j教学参考资料
606 0  @a中国特色社会主义@x高等学校@j教学参考资料
690    @aA84@v5
690    @aD616@v5
701  0 @a杜惠敏@9du hui min@4主编
701  0 @a依里合木·牙生@9yi li he mu · ya sheng@4主编
801  0 @aCN@b人天书店@c20150722
905    @b879322-27@dA84@e146@f6
    
    毛泽东思想和中国特色社会主义理论体系概论学习指导/杜惠敏,依里合木·牙生主编.-北京:中国农业大学出版社,2015.05
    191页;23cm
    使用对象:社会主义建设人员
    
    ISBN 978-7-5655-1227-8:CNY24.00
    本书主要内容包括:马克思主义中国化两大理论成果、新民主主义革命理论、社会主义改造理论、社会主义建设道路初步探索的理论成果、建设中国特色社会主义总依据、社会主义本质和建设中国特色社会主义总任务等。
●
相关链接 在E读中查询图书 在五车中查询图书 在当当中查询图书 在豆瓣中查询图书


正题名:毛泽东思想和中国特色社会主义理论体系概论学习指导     索取号:A84/146         预约/预借

序号 登录号 条形码 馆藏地/架位号 状态 备注
1 879322   208793224   第一样本阅览室/ [索取号:A84/146] 在馆    
2 879323   208793233   教育系资料室/ [索取号:A84/146] 在馆    
3 879324   208793242   教育系资料室/ [索取号:A84/146] 在馆    
4 879325   208793251   教育系资料室/ [索取号:A84/146] 在馆    
5 879326   208793260   第一借阅区/ [索取号:A84/146] 在馆    
6 879327   208793279   第一借阅区/ [索取号:A84/146] 在馆    
唐山师范学院图书馆 欢迎您!
大连网信软件有限公司© 版权所有